| 000 | 00814nam a2200265 i 4500 | ||
|---|---|---|---|
| 001 | C2-0246815 | ||
| 003 | PPAK | ||
| 005 | 20180727211509.0 | ||
| 008 | 030325s2001 nyua|||| ||||| | eng d | ||
| 020 | _a044842522X | ||
| 040 |
_aPPAK _beng _cPPAK _erda |
||
| 082 | 0 | 4 |
_a759.4 _223 |
| 090 | 0 | 0 |
_a759.4 _bKEL _dK |
| 100 | 1 |
_aKelley, True, _eauthor |
|
| 245 | 1 | 0 |
_aClaude monet : _bsunshine and waterlilies |
| 264 | 1 |
_aNew York : _bGrosset & Dunlap , _c2001 |
|
| 300 |
_a[28 pages] : _billustrations ; _c23 cm |
||
| 336 |
_2rdacontent _atext |
||
| 337 |
_2rdamedia _aunmediated |
||
| 338 |
_2rdacarrier _avolume |
||
| 490 | 1 | _aSmart about | |
| 650 | 1 | 0 | _aMonet, Claude, 1840-1926 - Juvenile literature ; Painters - France - Biography - Juvenile literature ; Readers |
| 830 | 0 | _aSmart about | |
| 942 |
_ddc _cB |
||
| 999 |
_c60716 _d60716 |
||